00339 2200121 4500001002100000005001500021035002400036090001600060245006600076260003500142300002600177990001400203YOGYA00000000003250320140823032549 0010-081400000032221 aDEP 811 Oas aOASE kehidupan : antologi puisi bengkel sastra indonesia 2010 ayogyakartabbalai bahasac2010 axxiv, 276 hlm.b21 cm a2010-1685